000 00469nam a2200193Ia 4500
008 151121s9999||||xx |||||||||||||| ||und||
082 _a821 /Chu
082 _bHNW-66890
100 _aCh'u ta -Kao---Tr।
245 _aTao Te Ching
260 _bVikas Pub। House Pvt। Ltd।
260 _c--
300 _a96
600 _aCh'u ta -Kao---Tr।
630 _aTao Te Ching
700 _aCh'u ta -Kao---Tr।
730 _aTao Te Ching
942 _cBOOK
999 _c1248386
_d1248383